banner-ar

النسوية العربية : (Record no. 59943)

MARC details
000 -الفاتح
حقل البيانات ثابتة الطول 01174nam a22002897a 4500
005 - وقت وتاريخ اخر تعامل مع التسجيلة
رقم الضبط 20240530110344.0
008 - عناصر البيانات ثابتة الطول - معلومات عامة
حقل البيانات ثابتة الطول 141130s2012 le gr 001 0 ara d
020 ## - الرقم الدولى المعيارى للكتب
الرقم الدولى المعيارى للكتاب 9789953825236
040 ## - مصدر الفهرسة
وكالة الفهرسة الأصلية EG-CaGPL
041 ## - رمز اللغة
رمز لغة النص/ المسارات الصوتية أو العنوان الانفرادي ara
082 04 - رقم تصنيف ديوى العشرى
رقم الطبعة 21
رقم التصنيف 305.42\
رقم المادة إ ن
245 #2 - بيان العنوان
العنوان النسوية العربية :
بقية العنوان رؤية نقدية /
بيان المسئوليه,etc اصلاح جاد ... [ واخ .] ؛ اعداد وتحرير جين سعيد المقدسى ، رفيق رضا صيداوى ، نهى بيومى
250 ## - بيان الطبعة
بيان الطبعة ط1
260 ## - PUBLICATION, DISTRIBUTION, ETC. (IMPRINT)
تاريخ النشر أو التوزيع 2012
300 ## - الوصف المادى
التعداد 511 ص ؛
أبعاد الوعاء 24 سم
650 04 - المدخل الاضافى بالموضوع-مصطلح موضوعى
مصطلح موضوعي حقوق المرأة
650 04 - المدخل الاضافى بالموضوع-مصطلح موضوعى
مصطلح موضوعي المرأة العربية
650 04 - المدخل الاضافى بالموضوع-مصطلح موضوعى
مصطلح موضوعي المرأة العربية
التقسيم الفرعي العام احوال اجتماعية
650 04 - المدخل الاضافى بالموضوع-مصطلح موضوعى
مصطلح موضوعي المرأة العربية فى الاسلام
650 04 - المدخل الاضافى بالموضوع-مصطلح موضوعى
مصطلح موضوعي الهندسة الاجتماعية
650 04 - المدخل الاضافى بالموضوع-مصطلح موضوعى
مصطلح موضوعي الجندرية
700 0# - المدخل الاضافى - اسم شخصى
الإسم الشخصى اصلاح جاد
الدور مؤلف
700 0# - المدخل الاضافى - اسم شخصى
الإسم الشخصى حسن عبود
الدور مؤلف
700 0# - المدخل الاضافى - اسم شخصى
الإسم الشخصى فوزية عبدالله ابو خالد
الدور مؤلف
942 ## - عناصر المدخل الإضافي( كوها)
مصدر التصنيف او مخطط الترفيف Dewey Decimal Classification
Koha [default] item type كتاب
260 ## - PUBLICATION, DISTRIBUTION, ETC. (IMPRINT)
-- بيروت :
-- مركز دراسات الوحدة العربية ،
Holdings
حالة التراجع حالة الفقد حالة تلف ليس للاعارة المكان المؤقت الموقع الحالى تاريخ الاكتساب اجمالي اﻻعارات رقم الطلب الباركود تاريخ اخر مشاهدة تاريخ تفعيل السعر نوع وعاء كوها
        مكتبة القاهرة الكبرى مكتبة القاهرة الكبرى 11/30/2014   305.42\ إ ن 158908 11/30/2014 11/30/2014 كتاب

Powered By

EGPV